| 000 | 01147nam a22002777a 4500 | ||
|---|---|---|---|
| 999 |
_c29551 _d29522 |
||
| 003 | EG-ScBUE | ||
| 005 | 20211004124951.0 | ||
| 008 | 210930s19uu le f b 000 i ara d | ||
| 040 |
_aEG-ScBUE _bara _erda _cEG-ScBUE _dEG-ScBUE |
||
| 082 | 0 | 4 |
_a892.7634 _bم خ ت _222 |
| 245 | 0 | 2 |
_aالمختار من رسائل أبي إسحاق بن هلال بن زهرون الصابي / _cنقحه وعلق حواشيه الأمير شكيب أرسلان. |
| 264 | 1 |
_aبيروت : _bدار النهضة الحديثة، _c[19--؟] |
|
| 300 |
_a415 صفحة ؛ _c25 سم |
||
| 336 |
_2rdacontent _aنص _btxt |
||
| 337 |
_2rdamedia _aبدون وسيط _bn |
||
| 338 |
_2rdacarrier _aمجلد _bnc |
||
| 490 | 0 | _aألف باء | |
| 504 | _aيشتمل على إرجاعات ببليوجرافية. | ||
| 541 | _cDonation. | ||
| 600 | 1 | 7 |
_aالصابىء، إبراهيم بن هلال، _d313-384 هـ _tرسائل. _2BUEsh |
| 650 | 7 |
_aالرسائل العربية. _2BUEsh |
|
| 653 | 7 |
_aBUEsh _bARALIT _cSeptember2021 |
|
| 655 | 7 |
_2BUEsh _vReading book _934232 |
|
| 700 | 1 |
_aأرسلان، شكيب، _d1869-1946، _eمنقح. |
|
| 942 | _2ddc | ||